000 00391nam a2200157Ia 4500
008 220204s9999 xx 000 0 und d
082 _a519.233.5
_bDRA
100 _aDraper, N R
245 0 _aApplied regression analysis
250 _aEd.2
260 _aNew York
_bJohn Wiley
_c1981
650 _aLinear programming
650 _aRegression analysis
700 _aSmith, H
942 _cBK
999 _c40285
_d40285